| 000 | 00970cam a2200265 a 4500 | ||
|---|---|---|---|
| 001 | 17322034 | ||
| 003 | OSt | ||
| 005 | 20250613145354.0 | ||
| 008 | 250509b |||||||| |||| 00| 0 eng d | ||
| 020 | _a9781847875822 (Paperback) | ||
| 040 |
_aUKMGB _beng _cNUST _dNUST _erda |
||
| 050 | 0 | 0 | _aH62 BRA |
| 100 | 1 |
_aBraun, Virginia. _eAuthor |
|
| 245 | 1 | 0 |
_aSuccessful qualitative research : _ba practical guide for beginners / _cVirginia Braun and Victoria Clarke. |
| 260 |
_aLos Angeles : _bSAGE, _c©2013. |
||
| 300 |
_axii, 382 pages. : _billustrations. ; _c24 cm. |
||
| 336 |
_2rdamedia _atext _btxt |
||
| 337 |
_2rdamedia _aunmediated _bn |
||
| 338 |
_2rdamedia _avolume _bnc |
||
| 504 | _aIncludes bibliographical references and index. | ||
| 650 | 0 | _aQualitative research. | |
| 650 | 0 |
_aSocial sciences _xResearch _xMethodology. |
|
| 700 | 1 |
_aClarke, Victoria _c(Associate Professor in Sexuality Studies) _eAuthor |
|
| 942 |
_2lcc _n0 _cBOOKS _hH62.BRA _kH _mBRA |
||
| 999 |
_c171742 _d171742 |
||